[Event "14th EUR-ch"]
[Site "Legnica POL"]
[Date "2013.05.07"]
[Round "3"]
[White "Mamedov, Rauf"]
[Black "Yilmaz, Mustafa"]
[Result "1-0"]
[WhiteElo "2649"]
[BlackElo "2537"]
[EventDate "2013.05.05"]
[PlyCount "107"]

1.e4 c5 2.c3 Nf6 3.e5 Nd5 4.Nf3 d6 5.d4 cxd4 6.cxd4 Nc6 7.Bc4 Nb6 8.Bb5 
dxe5 9.Nxe5 Bd7 10.Nxd7 Qxd7 11.Nc3 e6 12.O-O Rd8 13.Be3 Be7 14.Qb3 a6 15.
Bxa6 bxa6 16.Qxb6 Ra8 17.Rad1 Nb4 18.d5 Nxd5 19.Nxd5 exd5 20.Qa5 O-O 21.
Qxd5 Qxd5 22.Rxd5 Rfb8 23.Rb1 Ba3 24.Bd4 h6 25.Kf1 Rb7 26.Be5 Re8 27.g3 
Re6 28.Bc3 Rc6 29.Rc1 Bb4 30.Bd2 Rxc1+ 31.Bxc1 Rc7 32.Be3 Rc2 33.a3 Be7 
34.Rd2 Rc6 35.Ke2 f5 36.Rd7 Bf6 37.b3 Rc2+ 38.Kf1 Rc3 39.Rb7 Kh7 40.a4 Rc2
41.b4 Rc4 42.a5 Bd4 43.Ke2 Bxe3 44.Kxe3 Rc2 45.Rb6 Rb2 46.h4 h5 47.f3 g6 
48.Kf4 Kh6 49.Ke5 Rb3 50.f4 Kg7 51.Rxa6 Rxb4 52.Rb6 Ra4 53.a6 Kh6 54.Kd5 
1-0

[Event "14th EUR-ch"]
[Site "Legnica POL"]
[Date "2013.05.07"]
[Round "3"]
[White "Nyback, Tomi"]
[Black "Petrosian, Tigran L."]
[Result "1-0"]
[WhiteElo "2593"]
[BlackElo "2645"]
[EventDate "2013.05.05"]
[PlyCount "173"]

1.Nf3 d5 2.d4 Nf6 3.c4 c6 4.e3 Bf5 5.Nc3 e6 6.Nh4 Be4 7.f3 Bg6 8.Qb3 Qb6 
9.Nxg6 hxg6 10.Bd2 Bd6 11.c5 Qxb3 12.axb3 Bxh2 13.Kd1 Rh6 14.b4 Bg3 15.
Rxh6 gxh6 16.b5 cxb5 17.Nxb5 Nc6 18.Be1 Bb8 19.b4 Kd7 20.Bd3 a6 21.Nc3 Ra7
22.Ne2 e5 23.Bc3 Ne8 24.Kc2 exd4 25.Nxd4 Ne5 26.Be2 h5 27.Rd1 Ke7 28.f4 
Nc6 29.Nb3 Nf6 30.Bf3 Bc7 31.Bxf6+ Kxf6 32.Kc3 Ra8 33.Rxd5 Re8 34.Rd3 a5 
35.Bxc6 axb4+ 36.Kxb4 bxc6 37.Nd4 Rc8 38.Ra3 g5 39.fxg5+ Kxg5 40.Nxc6 Kg4 
41.Ra7 Bg3 42.Nd4 Bf2 43.Rxf7 Bxe3 44.Rg7+ Kf4 45.Kc4 Bf2 46.Ne2+ Ke5 47.
Rg5+ Ke4 48.Rxh5 Bxc5 49.Rxc5 Rg8 50.g3 Kf3 51.Re5 Rd8 52.Rd5 Ra8 53.Rd2 
Rc8+ 54.Kd3 Rd8+ 55.Kc2 Ra8 56.Kb3 Rb8+ 57.Kc4 Rc8+ 58.Kb5 Ke3 59.Ra2 Kf3 
60.Kb6 Rc4 61.Rb2 Rc8 62.Ka5 Rc7 63.Kb4 Rc8 64.Kb3 Rc7 65.Rc2 Rb7+ 66.Kc3 
Ke3 67.Ng1 Rc7+ 68.Kb2 Rg7 69.Re2+ Kd3 70.Rg2 Rf7 71.g4 Rb7+ 72.Kc1 Ke4 
73.g5 Ra7 74.g6 Rg7 75.Kd2 Kf5 76.Nf3 Kf6 77.Nh4 Ra7 78.Rg4 Ra8 79.Ke3 
Ra3+ 80.Kf2 Ra8 81.Kg3 Ra3+ 82.Kh2 Ra8 83.Kh3 Rb8 84.Rg3 Ra8 85.Kg4 Ra7 
86.Rf3+ Kg7 87.Kg5 1-0

[Event "14th EUR-ch"]
[Site "Legnica POL"]
[Date "2013.05.07"]
[Round "3"]
[White "Grigoriants, Sergei"]
[Black "Lysyi, Igor"]
[Result "1/2-1/2"]
[WhiteElo "2579"]
[BlackElo "2641"]
[EventDate "2013.05.05"]
[PlyCount "50"]

1.c4 Nf6 2.Nf3 e6 3.Nc3 d5 4.d4 dxc4 5.e4 Bb4 6.Bg5 c5 7.Bxc4 cxd4 8.Nxd4 
Bxc3+ 9.bxc3 Qa5 10.Bb5+ Nbd7 11.Bxf6 Qxc3+ 12.Kf1 gxf6 13.Nf5 exf5 14.Rc1
Qe5 15.Rxc8+ Rxc8 16.Qxd7+ Kf8 17.Qxc8+ Kg7 18.Qxf5 Qa1+ 19.Ke2 Qxh1 20.e5
Qxg2 21.Qxf6+ Kg8 22.Qd8+ Kg7 23.Qf6+ Kg8 24.Qd8+ Kg7 25.Qf6+ Kg8 1/2-1/2

[Event "14th EUR-ch"]
[Site "Legnica POL"]
[Date "2013.05.07"]
[Round "3"]
[White "Sanikidze, Tornike"]
[Black "Shimanov, Alexander"]
[Result "0-1"]
[WhiteElo "2549"]
[BlackElo "2639"]
[EventDate "2013.05.05"]
[PlyCount "107"]

1.d4 Nf6 2.c4 e6 3.Nf3 b6 4.e3 Bb7 5.Nc3 Bb4 6.Bd3 O-O 7.O-O c5 8.Na4 cxd4
9.a3 Be7 10.exd4 d6 11.Re1 Nbd7 12.b4 Re8 13.Nc3 Rc8 14.Bd2 a6 15.Rb1 Rc7 
16.a4 Qa8 17.a5 bxa5 18.bxa5 e5 19.d5 Nc5 20.Bc2 Bc8 21.h3 Bf8 22.Bg5 Nfd7
23.Nd4 g6 24.Nc6 Bb7 25.Nb4 Bg7 26.h4 f5 27.Na4 e4 28.Nb6 Nxb6 29.axb6 Rf7
30.Bf4 Be5 31.Bxe5 Rxe5 32.f4 exf3 33.Qxf3 Rxe1+ 34.Rxe1 Qd8 35.Qc3 Rf8 
36.Qd4 Re8 37.Rxe8+ Qxe8 38.h5 Qd8 39.h6 Qf8 40.Qh4 Nd7 41.Nc6 Nxb6 42.g4 
fxg4 43.Ne7+ Kh8 44.Bxg6 Nxc4 45.Be4 Ne5 46.Qg5 a5 47.Nf5 Ba6 48.Kg2 Ng6 
49.Kg3 Bc8 50.Ng7 Qe7 51.Qc1 Qe5+ 52.Kf2 g3+ 53.Kf1 Ba6+ 54.Kg1 0-1

[Event "14th EUR-ch"]
[Site "Legnica POL"]
[Date "2013.05.07"]
[Round "3"]
[White "Gordon, Stephen"]
[Black "Yakovenko, Dmitry"]
[Result "1/2-1/2"]
[WhiteElo "2527"]
[BlackElo "2731"]
[EventDate "2013.05.05"]
[PlyCount "81"]

1.c4 Nf6 2.Nf3 e6 3.d4 Bb4+ 4.Bd2 c5 5.Bxb4 cxb4 6.g3 O-O 7.Bg2 d6 8.a3 
bxa3 9.Rxa3 Qc7 10.b3 b6 11.O-O Bb7 12.Nc3 a6 13.Qd2 Rc8 14.Rc1 Nbd7 15.
Raa1 Ne4 16.Nxe4 Bxe4 17.Qf4 Nf6 18.Nd2 Bxg2 19.Kxg2 a5 20.Qf3 Qd7 21.b4 
h6 22.bxa5 bxa5 23.Ne4 Nxe4 24.Qxe4 d5 25.Qf3 dxc4 26.Rxc4 a4 27.Rb4 Ra7 
28.e4 Rca8 29.Ra3 Rb7 30.Rc4 Rb1 31.d5 Qb5 32.Qd3 Rb4 33.Rxb4 Qxb4 34.d6 
e5 35.Rc3 Rd8 36.Rc4 Qxd6 37.Qxd6 Rxd6 38.Rxa4 g6 39.Ra5 Re6 40.h4 h5 41.
Rb5 1/2-1/2

[Event "14th EUR-ch"]
[Site "Legnica POL"]
[Date "2013.05.07"]
[Round "3"]
[White "Tomashevsky, Evgeny"]
[Black "Salgado Lopez, Ivan"]
[Result "1/2-1/2"]
[WhiteElo "2719"]
[BlackElo "2598"]
[EventDate "2013.05.05"]
[PlyCount "55"]

1.d4 Nf6 2.c4 g6 3.Nc3 d5 4.Nf3 Bg7 5.Qb3 dxc4 6.Qxc4 O-O 7.e4 Bg4 8.Be3 
Nfd7 9.O-O-O Nb6 10.Qb3 a5 11.a3 a4 12.Qc2 Nc6 13.d5 Na5 14.Kb1 Nb3 15.Be2
Qc8 16.h3 Bxf3 17.gxf3 c5 18.f4 Nd4 19.Qd3 Qd7 20.e5 Nxd5 21.Nxd5 Qxd5 22.
Bxd4 cxd4 23.Qxd4 Qa5 24.Qd5 Qb6 25.Qd4 Qa5 26.Qd5 Qb6 27.Qd4 Qa5 28.Qd5 
1/2-1/2

[Event "14th EUR-ch"]
[Site "Legnica POL"]
[Date "2013.05.07"]
[Round "3"]
[White "Pelletier, Yannick"]
[Black "Vachier-Lagrave, Maxime"]
[Result "0-1"]
[WhiteElo "2599"]
[BlackElo "2718"]
[EventDate "2013.05.05"]
[PlyCount "70"]

1.Nf3 Nf6 2.c4 g6 3.Nc3 d5 4.cxd5 Nxd5 5.Qb3 Nb6 6.d4 Bg7 7.Bg5 Be6 8.Qc2 
h6 9.Bh4 g5 10.Bg3 g4 11.Nd2 Nc6 12.e3 Nb4 13.Qd1 h5 14.a3 N4d5 15.e4 Nxc3
16.bxc3 c5 17.d5 Bd7 18.c4 Ba4 19.Qc1 h4 20.Bf4 Bd4 21.Be2 e5 22.Be3 Bxe3 
23.fxe3 Qg5 24.Qc3 Bd7 25.O-O Na4 26.Qd3 Rh6 27.Rab1 Rb6 28.Nb3 Kf8 29.Qd2
Kg7 30.Bd3 g3 31.h3 Rh8 32.Bc2 Rhh6 33.Qd3 Rhf6 34.Rf5 Bxf5 35.exf5 e4 0-1

[Event "14th EUR-ch"]
[Site "Legnica POL"]
[Date "2013.05.07"]
[Round "3"]
[White "Nepomnyaschy, Yan"]
[Black "Kravtsiv, Martyn"]
[Result "1/2-1/2"]
[WhiteElo "2710"]
[BlackElo "2595"]
[EventDate "2013.05.05"]
[PlyCount "127"]

1.c4 e6 2.Nc3 d5 3.d4 Be7 4.cxd5 exd5 5.Bf4 c6 6.e3 Bd6 7.Bxd6 Qxd6 8.Qc2 
Ne7 9.Bd3 b6 10.Nf3 Ba6 11.Bxa6 Nxa6 12.e4 dxe4 13.Nxe4 Qb4+ 14.Ned2 Qb5 
15.Nc4 O-O 16.O-O Rad8 17.a3 Nc7 18.Rfe1 Ne6 19.Rad1 c5 20.Rxe6 fxe6 21.
Ng5 Nf5 22.g4 cxd4 23.Nxe6 Nh4 24.Nxf8 Rxf8 25.Nd6 Qd7 26.Nf5 Nxf5 27.gxf5
Qd5 28.Qd3 Re8 29.h3 Re5 30.a4 h6 31.b4 Rxf5 32.Qxd4 Rg5+ 33.Kf1 Qg2+ 34.
Ke2 Qxh3 35.Qc4+ Kh7 36.Qe4+ Qf5 37.Qxf5+ Rxf5 38.Rd7 Rf4 39.Rxa7 Rxb4 40.
Kf3 h5 41.a5 bxa5 42.Rxa5 Kh6 43.Kg3 Rg4+ 44.Kh3 g6 45.Rb5 Rg5 46.Rb4 Rc5 
47.Ra4 Kg5 48.Rb4 Ra5 49.Rc4 Kf5 50.Rc8 Kf4 51.Rc6 g5 52.Kg2 g4 53.Rc4+ 
Kg5 54.Rc8 h4 55.Rg8+ Kf4 56.Rf8+ Rf5 57.Ra8 h3+ 58.Kg1 Rf6 59.Ra4+ Kg5 
60.Ra5+ Kh4 61.Ra8 h2+ 62.Kxh2 Rxf2+ 63.Kg1 Kg3 64.Ra3+ 1/2-1/2

[Event "14th EUR-ch"]
[Site "Legnica POL"]
[Date "2013.05.07"]
[Round "3"]
[White "Akopian, Vladimir"]
[Black "Gagunashvili, Merab"]
[Result "1/2-1/2"]
[WhiteElo "2705"]
[BlackElo "2592"]
[EventDate "2013.05.05"]
[PlyCount "102"]

1.e4 c5 2.Nf3 e6 3.d4 cxd4 4.Nxd4 a6 5.Bd3 Nf6 6.O-O Qc7 7.Qe2 d6 8.c4 g6 
9.Nc3 Bg7 10.Nf3 Nc6 11.Bf4 O-O 12.Rac1 e5 13.Bg5 h6 14.Bxf6 Bxf6 15.Nd5 
Qd8 16.Qe3 Bg5 17.Nxg5 hxg5 18.h4 gxh4 19.Qh6 Re8 20.f4 Re6 21.fxe5 Nxe5 
22.Be2 f5 23.Nf4 Rf6 24.c5 Rf7 25.Rfd1 Rh7 26.Rxd6 Qxd6 27.Qxh7+ Kxh7 28.
cxd6 fxe4 29.Rc7+ Bd7 30.Ne6 b6 31.Ng5+ Kh6 32.Nf7+ Nxf7 33.Rxd7 Rf8 34.
Bxa6 Kg5 35.a4 Kf4 36.b4 e3 37.Bb5 Ke5 38.Re7+ Kxd6 39.Rxe3 Ne5 40.Re4 g5 
41.Rd4+ Ke6 42.a5 bxa5 43.bxa5 h3 44.a6 hxg2 45.Kxg2 Rb8 46.a7 Ra8 47.Ra4 
Kd6 48.Ra6+ Kc7 49.Kg3 Nd7 50.Kg4 Nb6 51.Kxg5 Kb7 1/2-1/2

[Event "14th EUR-ch"]
[Site "Legnica POL"]
[Date "2013.05.07"]
[Round "3"]
[White "Durarbayli, Vasif"]
[Black "Alexeev, Evgeny"]
[Result "0-1"]
[WhiteElo "2597"]
[BlackElo "2700"]
[EventDate "2013.05.05"]
[PlyCount "80"]

1.c4 c5 2.g3 Nc6 3.Bg2 g6 4.Nf3 Bg7 5.O-O e6 6.Nc3 Nge7 7.a3 O-O 8.b4 d6 
9.Rb1 b6 10.Nb5 d5 11.bxc5 bxc5 12.Nc3 Ba6 13.cxd5 exd5 14.Ne1 Rc8 15.a4 
Qd7 16.Ba3 Ne5 17.d3 Rfd8 18.Rc1 Bb7 19.Nf3 Nxf3+ 20.Bxf3 Nf5 21.Bg2 c4 
22.dxc4 dxc4 23.Qxd7 Rxd7 24.Bh3 Re8 25.e3 a6 26.Bg4 Rd2 27.Nb1 Ra2 28.
Rxc4 Rxe3 29.Rb4 Re7 30.Rd1 h5 31.Bxf5 gxf5 32.Rb3 Rc7 33.h4 Be4 34.Re3 
Rcc2 35.Bb4 Rxf2 36.Nd2 Rg2+ 37.Kf1 Rh2 38.Rxe4 fxe4 39.Kg1 Re2 40.Kf1 Re3
0-1

[Event "14th EUR-ch"]
[Site "Legnica POL"]
[Date "2013.05.07"]
[Round "3"]
[White "Babula, Vlastimil"]
[Black "Vallejo Pons, Francisco"]
[Result "0-1"]
[WhiteElo "2591"]
[BlackElo "2695"]
[EventDate "2013.05.05"]
[PlyCount "79"]

1.d4 d5 2.c4 c6 3.Nf3 Nf6 4.Nc3 e6 5.Bg5 h6 6.Bh4 dxc4 7.e4 g5 8.Bg3 b5 9.
e5 Nd5 10.Nd2 h5 11.h3 Bb7 12.Nde4 Nd7 13.Be2 Nxc3 14.Nxc3 b4 15.Ne4 c5 
16.Bf3 Bd5 17.O-O cxd4 18.Qxd4 Qb6 19.Qd2 Qc6 20.Nxg5 Bh6 21.Qf4 O-O-O 22.
Bxd5 exd5 23.h4 Bxg5 24.Qxg5 Nc5 25.Qf4 Qe6 26.Qd4 Qb6 27.Rac1 Rhg8 28.
Rfd1 Ne6 29.Qxb6 axb6 30.Kh2 Kb7 31.f3 b5 32.Rc2 d4 33.Be1 c3 34.bxc3 bxc3
35.g3 Ka6 36.Rb1 Rd5 37.f4 Rc8 38.Kg2 Rc4 39.Kf3 b4 40.Ke4 0-1

[Event "14th EUR-ch"]
[Site "Legnica POL"]
[Date "2013.05.07"]
[Round "3"]
[White "Movsesian, Sergei"]
[Black "Kulaots, Kaido"]
[Result "1/2-1/2"]
[WhiteElo "2693"]
[BlackElo "2586"]
[EventDate "2013.05.05"]
[PlyCount "88"]

1.c4 e5 2.g3 c6 3.d4 Bb4+ 4.Bd2 Bxd2+ 5.Qxd2 d6 6.Nc3 Nf6 7.Bg2 O-O 8.e3 
exd4 9.Qxd4 Nbd7 10.Nf3 Qa5 11.O-O Ne5 12.Nd2 Be6 13.Qxd6 Nxc4 14.Nxc4 
Bxc4 15.Rfd1 Rfe8 16.Qf4 Be6 17.Rd4 Red8 18.Rad1 h6 19.b4 Rxd4 20.bxa5 
Rxf4 21.gxf4 Rc8 22.e4 g6 23.Bf3 Kf8 24.a3 Ke7 25.e5 Nd7 26.Ne4 g5 27.fxg5
hxg5 28.Nxg5 Nxe5 29.Bg2 Nc4 30.a6 b5 31.Rd3 Bf5 32.Rf3 Bg6 33.Rc3 Kd6 34.
f4 Kc5 35.f5 Bxf5 36.Nxf7 Be6 37.Ng5 Bd5 38.h4 Kd4 39.Rh3 Bxg2 40.Kxg2 c5 
41.h5 Rg8 42.Rg3 Rh8 43.Rh3 Rg8 44.Rg3 Rh8 1/2-1/2

[Event "14th EUR-ch"]
[Site "Legnica POL"]
[Date "2013.05.07"]
[Round "3"]
[White "Kuljasevic, Davorin"]
[Black "Berkes, Ferenc"]
[Result "0-1"]
[WhiteElo "2578"]
[BlackElo "2688"]
[EventDate "2013.05.05"]
[PlyCount "116"]

1.d4 Nf6 2.c4 e6 3.Nc3 d5 4.cxd5 Nxd5 5.e4 Nxc3 6.bxc3 c5 7.Rb1 cxd4 8.
cxd4 Nc6 9.Bb5 Bd7 10.Nf3 Bb4+ 11.Bd2 Bxd2+ 12.Qxd2 O-O 13.Bd3 Rb8 14.O-O 
Ne7 15.Rfe1 Bc6 16.d5 exd5 17.e5 d4 18.Nxd4 Qd5 19.Be4 Qd7 20.Qd3 Bxe4 21.
Qxe4 Nc6 22.Nf5 Qe6 23.Rb3 g6 24.Nd6 Rfd8 25.f4 Rd7 26.h3 a5 27.f5 Qxe5 
28.Qxe5 Nxe5 29.Rxe5 Rxd6 30.Rxa5 b6 31.Ra6 gxf5 32.a4 Kg7 33.a5 bxa5 34.
Rg3+ Rg6 35.Rgxg6+ hxg6 36.Rxa5 Rb4 37.Kf2 Rf4+ 38.Ke3 g5 39.g3 Re4+ 40.
Kf3 Kf6 41.Ra6+ Re6 42.Ra5 Rb6 43.h4 g4+ 44.Kf2 Rb2+ 45.Kg1 Rb4 46.Kf2 
Rb2+ 47.Kg1 Rb4 48.Kf2 Kg6 49.Ra6+ f6 50.Ra5 Rc4 51.Kg2 Rc2+ 52.Kg1 Re2 
53.Rb5 Re5 54.Rb8 Re4 55.Kf2 f4 56.gxf4 Kf5 57.Kg3 Re3+ 58.Kf2 Rh3 0-1

[Event "14th EUR-ch"]
[Site "Legnica POL"]
[Date "2013.05.07"]
[Round "3"]
[White "Sargissian, Gabriel"]
[Black "Parligras, Mircea"]
[Result "1-0"]
[WhiteElo "2667"]
[BlackElo "2570"]
[EventDate "2013.05.05"]
[PlyCount "107"]

1.d4 Nf6 2.c4 e6 3.Nf3 b6 4.g3 Bb4+ 5.Bd2 Bxd2+ 6.Qxd2 Bb7 7.Bg2 O-O 8.Nc3
d6 9.d5 a5 10.Nd4 e5 11.Ndb5 Na6 12.O-O Bc8 13.b3 Bd7 14.a3 Ne8 15.Rab1 f5
16.f4 e4 17.g4 fxg4 18.Nd4 Qh4 19.Nxe4 Nf6 20.Ng3 Nh5 21.Nxh5 Qxh5 22.e4 
Rae8 23.Rbe1 Rf6 24.Qe3 Rh6 25.Qg3 Nc5 26.e5 Bf5 27.b4 axb4 28.axb4 Nd7 
29.Re3 Nf8 30.e6 Ng6 31.Nxf5 Qxf5 32.Be4 Qf6 33.Bxg6 Rxg6 34.f5 Rg5 35.Qf4
h5 36.e7 Rxe7 37.Re6 Rxe6 38.fxe6 Qxf4 39.Rxf4 Re5 40.Rf7 b5 41.Rxc7 bxc4 
42.Rc8+ Kh7 43.b5 h4 44.b6 Re1+ 45.Kf2 g3+ 46.hxg3 h3 47.b7 h2 48.b8=Q 
Rf1+ 49.Ke2 Re1+ 50.Kd2 Rd1+ 51.Kc2 Rc1+ 52.Kxc1 h1=Q+ 53.Kb2 Qg2+ 54.Ka1 
1-0

[Event "14th EUR-ch"]
[Site "Legnica POL"]
[Date "2013.05.07"]
[Round "3"]
[White "Papp, Gabor"]
[Black "Potkin, Vladimir"]
[Result "1/2-1/2"]
[WhiteElo "2570"]
[BlackElo "2666"]
[EventDate "2013.05.05"]
[PlyCount "103"]

1.e4 c5 2.Nf3 e6 3.d4 cxd4 4.Nxd4 Nc6 5.Nb5 d6 6.c4 Nf6 7.N1c3 a6 8.Na3 
Be7 9.Be2 O-O 10.O-O b6 11.Be3 Ne5 12.f4 Ng6 13.Nc2 Bb7 14.Qd3 Qc7 15.Rad1
Rac8 16.Nd4 Rfe8 17.Nb3 Bf8 18.Nd2 Bc6 19.b4 e5 20.f5 Nf4 21.Bxf4 exf4 22.
Qf3 b5 23.cxb5 Bxb5 24.Nxb5 axb5 25.Qxf4 Re5 26.Bd3 Qa7+ 27.Qf2 Qxa2 28.
Nf3 Qxf2+ 29.Rxf2 Nxe4 30.Nxe5 Nxf2 31.Kxf2 dxe5 32.Bxb5 Bxb4 33.Kf3 h5 
34.Rd7 f6 35.Bd3 Kh7 36.g3 Bc3 37.Ba6 Rc5 38.Rd8 Bd4 39.Rc8 Ra5 40.Bc4 
Ra3+ 41.Kg2 g6 42.Be6 e4 43.fxg6+ Kxg6 44.Rg8+ Kh6 45.Bf5 Ra2+ 46.Kh3 e3 
47.Rg6+ Kh7 48.Rg4+ Kh6 49.Rxd4 e2 50.Re4 Ra5 51.Rxe2 Rxf5 52.Kg2 1/2-1/2

[Event "14th EUR-ch"]
[Site "Legnica POL"]
[Date "2013.05.07"]
[Round "3"]
[White "Meier, Georg"]
[Black "Markowski, Tomasz"]
[Result "1-0"]
[WhiteElo "2655"]
[BlackElo "2567"]
[EventDate "2013.05.05"]
[PlyCount "89"]

1.d4 Nf6 2.c4 c5 3.d5 b5 4.cxb5 a6 5.bxa6 g6 6.Nc3 Bxa6 7.g3 d6 8.Bg2 Bg7 
9.Nf3 Nbd7 10.Rb1 O-O 11.O-O Qa5 12.Bd2 Bb7 13.Ne1 Nb6 14.Nc2 Qa7 15.Ne3 
Nfd7 16.b3 Qa3 17.Qc2 Ba6 18.Rfc1 Bb7 19.Qd1 Rfc8 20.h4 Rab8 21.Bh3 Rd8 
22.Bg2 Rdc8 23.Bh3 Rd8 24.Nc2 Qa8 25.e4 Ba6 26.Ne1 Bd4 27.Bg5 Nf6 28.Qf3 
Bc8 29.Bxc8 Rdxc8 30.Qe2 Nbd7 31.Nf3 Ne5 32.Nxe5 Bxe5 33.Bxf6 exf6 34.Nb5 
f5 35.exf5 Qb7 36.a4 Qd7 37.fxg6 hxg6 38.Rc4 Re8 39.Qg4 Qb7 40.h5 Qxd5 41.
hxg6 f5 42.Qxf5 Rf8 43.Qe4 Qd2 44.Rc2 Qg5 45.Nxd6 1-0

[Event "14th EUR-ch"]
[Site "Legnica POL"]
[Date "2013.05.07"]
[Round "3"]
[White "Oleksienko, Mykhailo"]
[Black "Zviagintsev, Vadim"]
[Result "1/2-1/2"]
[WhiteElo "2565"]
[BlackElo "2655"]
[EventDate "2013.05.05"]
[PlyCount "80"]

1.e4 e6 2.d4 d5 3.Nd2 c5 4.Ngf3 Nc6 5.exd5 exd5 6.Bb5 Qe7+ 7.Qe2 Qxe2+ 8.
Kxe2 cxd4 9.Nxd4 Bd7 10.N2f3 a6 11.Bd3 f6 12.Nxc6 bxc6 13.c4 Bd6 14.cxd5 
cxd5 15.Be3 Ne7 16.Rhc1 Ng6 17.Kf1 O-O 18.Bxg6 hxg6 19.Bc5 Bb5+ 20.Kg1 
Bxc5 21.Rxc5 Rac8 22.Rxd5 Bc6 23.Rd6 Bxf3 24.gxf3 Rc2 25.Re1 Rxb2 26.Re7 
Kh7 27.Rxa6 g5 28.Raa7 Rg8 29.h4 Rb5 30.a4 Rf5 31.hxg5 Rxg5+ 32.Kf1 Rb8 
33.f4 Rg4 34.Re4 f5 35.Rd4 Rb1+ 36.Ke2 Rb2+ 37.Ke3 Rb3+ 38.Ke2 Rb2+ 39.Kf3
Rb3+ 40.Ke2 Rb2+ 1/2-1/2

[Event "14th EUR-ch"]
[Site "Legnica POL"]
[Date "2013.05.07"]
[Round "3"]
[White "Siugirov, Sanan"]
[Black "Jianu, Vlad-Cristian"]
[Result "1-0"]
[WhiteElo "2654"]
[BlackElo "2555"]
[EventDate "2013.05.05"]
[PlyCount "81"]

1.d4 Nf6 2.c4 c5 3.d5 b5 4.cxb5 a6 5.e3 Bb7 6.Nc3 Qa5 7.Bd2 axb5 8.Bxb5 
Qb6 9.Nf3 Nxd5 10.Nxd5 Bxd5 11.a4 e6 12.Bc3 Be7 13.O-O O-O 14.Nd2 f5 15.f3
Ra7 16.Qe1 Qc7 17.e4 fxe4 18.fxe4 Rxf1+ 19.Qxf1 Bc6 20.Re1 Rb7 21.Qf3 Bxb5
22.axb5 Qd8 23.Rf1 Qe8 24.Nc4 d6 25.Nxd6 Bxd6 26.e5 Rf7 27.Qxf7+ Qxf7 28.
Rxf7 Kxf7 29.exd6 Nd7 30.Ba5 c4 31.b6 Nc5 32.Bc3 g6 33.Bb4 Nb7 34.Kf2 e5 
35.Ke3 Ke6 36.Ke4 Nd8 37.g4 Nb7 38.h4 Nd8 39.g5 Nb7 40.d7 Nd8 41.Bc3 1-0

[Event "14th EUR-ch"]
[Site "Legnica POL"]
[Date "2013.05.07"]
[Round "3"]
[White "Esen, Baris"]
[Black "Safarli, Eltaj"]
[Result "1/2-1/2"]
[WhiteElo "2557"]
[BlackElo "2651"]
[EventDate "2013.05.05"]
[PlyCount "66"]

1.d4 Nf6 2.Nf3 g6 3.c4 Bg7 4.g3 c6 5.Bg2 d5 6.cxd5 cxd5 7.Ne5 Ng4 8.Qa4+ 
Bd7 9.Nxd7 Qxd7 10.Qxd7+ Nxd7 11.e3 e6 12.Nc3 O-O 13.Bd2 Nh6 14.O-O a6 15.
Rfc1 Nf5 16.Bh3 Rfc8 17.Bxf5 gxf5 18.Ne2 Bf8 19.Rxc8 Rxc8 20.Rc1 Rxc1+ 21.
Nxc1 f6 22.Nd3 Bd6 23.Bb4 Bc7 24.Nc5 Nxc5 25.Bxc5 Kf7 26.Kf1 Ke8 27.Ke2 
Kd7 28.Bb4 Bd8 29.Kd3 Kc6 30.Bf8 Kd7 31.Bb4 Kc6 32.Bf8 Kd7 33.Bb4 Kc6 
1/2-1/2

[Event "14th EUR-ch"]
[Site "Legnica POL"]
[Date "2013.05.07"]
[Round "3"]
[White "Socko, Bartosz"]
[Black "Gritsak, Orest"]
[Result "1-0"]
[WhiteElo "2647"]
[BlackElo "2549"]
[EventDate "2013.05.05"]
[PlyCount "79"]

1.e4 e5 2.Nf3 Nc6 3.Bc4 Bc5 4.c3 Nf6 5.d4 exd4 6.e5 d5 7.Be2 Ne4 8.cxd4 
Bb6 9.Be3 O-O 10.Nc3 f6 11.exf6 Nxf6 12.Rc1 Bg4 13.h3 Bxf3 14.Bxf3 Ne7 15.
O-O Nf5 16.Qd3 Nxe3 17.Qxe3 Qd7 18.Rfe1 Rae8 19.Qd3 Rxe1+ 20.Rxe1 a6 21.
Re5 c6 22.Na4 Ba7 23.Nc5 Bxc5 24.dxc5 Re8 25.Qe3 Kf7 26.b4 Rxe5 27.Qxe5 
Qe7 28.Qf4 a5 29.a3 axb4 30.axb4 Qd8 31.g4 h6 32.h4 Kg8 33.g5 hxg5 34.hxg5
Nh7 35.g6 Nf6 36.Bg4 Kf8 37.Bf5 d4 38.Bd3 Qd7 39.Bf5 Nd5 40.Qh4 1-0

[Event "14th EUR-ch"]
[Site "Legnica POL"]
[Date "2013.05.07"]
[Round "3"]
[White "Halkias, Stelios"]
[Black "Balogh, Csaba"]
[Result "1/2-1/2"]
[WhiteElo "2549"]
[BlackElo "2644"]
[EventDate "2013.05.05"]
[PlyCount "103"]

1.Nf3 d5 2.d4 Nf6 3.c4 c6 4.Nc3 dxc4 5.a4 Bf5 6.Ne5 Nbd7 7.Nxc4 Nb6 8.Ne3 
Bg6 9.a5 Nbd7 10.g3 b5 11.axb6 axb6 12.Rxa8 Qxa8 13.d5 cxd5 14.Nexd5 Nxd5 
15.Nxd5 Qa5+ 16.b4 Qa7 17.Bh3 e6 18.O-O exd5 19.Qxd5 Be7 20.Bb2 O-O 21.Ra1
Qc7 22.Qxd7 Qxd7 23.Bxd7 Bxb4 24.Bd4 Rb8 25.Ra7 Be4 26.Ra4 Bf8 27.Bxg7 Bc2
28.Ra2 Bxg7 29.Rxc2 b5 30.Rc8+ Rxc8 31.Bxc8 b4 32.Bf5 b3 33.Kf1 h6 34.e3 
Bc3 35.Ke2 b2 36.Bb1 Kg7 37.Kd3 Be1 38.Ke2 Bb4 39.g4 Bd6 40.h3 Kf6 41.h4 
Kg7 42.Kd3 Be7 43.h5 Bh4 44.f3 Bf2 45.Ke4 f6 46.Kf4 Be1 47.Kf5 Bd2 48.e4 
Bc3 49.f4 Bd2 50.Ba2 Bc1 51.Bb1 Bd2 52.e5 1/2-1/2

[Event "14th EUR-ch"]
[Site "Legnica POL"]
[Date "2013.05.07"]
[Round "3"]
[White "Stevic, Hrvoje"]
[Black "Handke, Florian"]
[Result "1/2-1/2"]
[WhiteElo "2637"]
[BlackElo "2545"]
[EventDate "2013.05.05"]
[PlyCount "120"]

1.e4 e5 2.Nf3 Nc6 3.Bb5 Nf6 4.d3 Bc5 5.Nbd2 d6 6.O-O O-O 7.Bxc6 bxc6 8.h3 
h6 9.Re1 Nh7 10.Nb3 Bb6 11.a4 a6 12.a5 Ba7 13.d4 exd4 14.Nbxd4 Bd7 15.Be3 
Re8 16.Qd3 Qf6 17.c3 Nf8 18.Nf5 Bxe3 19.Rxe3 Bxf5 20.exf5 Rxe3 21.fxe3 Nd7
22.b4 Ne5 23.Nxe5 Qxe5 24.Rf1 Re8 25.Rf3 Qb5 26.Qd4 c5 27.Qg4 cxb4 28.cxb4
f6 29.Rg3 Re7 30.Qd4 Kh7 31.e4 Qe5 32.Qxe5 Rxe5 33.Re3 Rb5 34.Rc3 Rxb4 35.
Rxc7 Rxe4 36.Rc6 Re5 37.Rxa6 Rxf5 38.Ra8 h5 39.h4 Rf4 40.g3 Ra4 41.Kg2 
Ra2+ 42.Kh3 Kg6 43.a6 Kf5 44.a7 Ra3 45.Rd8 Rxa7 46.Rxd6 Ke4 47.Rb6 Ra1 48.
Rb4+ Kf5 49.Rb5+ Kg6 50.Rb6 Ra2 51.Rc6 Re2 52.Ra6 Kf5 53.Ra5+ Re5 54.Ra7 
g5 55.hxg5 fxg5 56.g4+ hxg4+ 57.Kg3 Re3+ 58.Kg2 Kg6 59.Ra8 g3 60.Ra4 Kh5 
1/2-1/2

[Event "14th EUR-ch"]
[Site "Legnica POL"]
[Date "2013.05.07"]
[Round "3"]
[White "l`Ami, Erwin"]
[Black "Dvirnyy, Danyyil"]
[Result "1-0"]
[WhiteElo "2634"]
[BlackElo "2541"]
[EventDate "2013.05.05"]
[PlyCount "135"]

1.d4 Nf6 2.c4 e6 3.Nc3 d5 4.Nf3 Nbd7 5.Bf4 dxc4 6.e3 Nb6 7.Bxc4 Nxc4 8.
Qa4+ c6 9.Qxc4 Nd5 10.Be5 f6 11.Bg3 Qb6 12.Qe2 Qa5 13.O-O Nxc3 14.bxc3 Ba3
15.Nd2 O-O 16.Rab1 b6 17.Qc4 Bd7 18.Qb3 Be7 19.Nc4 Qb5 20.Bd6 Qxb3 21.axb3
Kf7 22.e4 c5 23.d5 Bb5 24.Bxe7 Kxe7 25.Rfd1 Bxc4 26.bxc4 Rfb8 27.Kf1 a5 
28.Ke2 a4 29.Kd3 a3 30.Rb3 a2 31.Ra1 Ra6 32.Rb2 Rba8 33.f4 exd5 34.exd5 
Kd7 35.g4 Kc7 36.Re2 Kd7 37.Re6 Rb8 38.Kc2 Ra5 39.Rc6 Ra6 40.h4 Re8 41.Kd3
Rb8 42.h5 h6 43.g5 hxg5 44.fxg5 Rh8 45.h6 gxh6 46.g6 f5 47.Ke3 Re8+ 48.Kf4
Re2 49.Kxf5 Rf2+ 50.Ke5 Ra8 51.g7 Re8+ 52.Re6 Rg8 53.Rxb6 Re8+ 54.Re6 Rg8 
55.Rd6+ Ke7 56.Ra6 Re2+ 57.Kf5 Rf2+ 58.Kg6 Rg2+ 59.Kxh6 Rh2+ 60.Kg6 Rg2+ 
61.Kf5 Rf2+ 62.Ke4 Rxg7 63.Ra7+ Kf6 64.Rxg7 Kxg7 65.Ke5 Rc2 66.Kd6 Rxc3 
67.Kxc5 Rc2 68.Kd6 1-0

[Event "14th EUR-ch"]
[Site "Legnica POL"]
[Date "2013.05.07"]
[Round "3"]
[White "Mirzoev, Azer"]
[Black "Lupulescu, Constantin"]
[Result "0-1"]
[WhiteElo "2543"]
[BlackElo "2634"]
[EventDate "2013.05.05"]
[PlyCount "54"]

1.Nf3 c5 2.c4 Nf6 3.g3 d5 4.cxd5 Nxd5 5.Bg2 Nc6 6.Nc3 Nc7 7.d3 e5 8.Nd2 
Be7 9.O-O O-O 10.Nc4 f6 11.Bxc6 bxc6 12.b3 Bh3 13.Re1 Qe8 14.Be3 f5 15.Na4
Ne6 16.Nxe5 f4 17.Bd2 Qh5 18.Nf3 Nd4 19.Nxd4 cxd4 20.Qc1 fxg3 21.fxg3 c5 
22.Bf4 Rf7 23.e4 g5 24.Be5 Qf3 25.Qd2 Raf8 26.Bf4 Rxf4 27.gxf4 Rxf4 0-1

[Event "14th EUR-ch"]
[Site "Legnica POL"]
[Date "2013.05.07"]
[Round "3"]
[White "Hracek, Zbynek"]
[Black "Gabuzian, Hovhannes"]
[Result "1-0"]
[WhiteElo "2628"]
[BlackElo "2532"]
[EventDate "2013.05.05"]
[PlyCount "54"]

1.d4 d5 2.c4 c6 3.Nf3 Nf6 4.Nc3 dxc4 5.a4 Bf5 6.Nh4 Bc8 7.e3 e5 8.Bxc4 
exd4 9.exd4 Be7 10.O-O O-O 11.Re1 a5 12.Bg5 Bb4 13.Qd3 Nbd7 14.Rad1 Re8 
15.Rxe8+ Qxe8 16.Nf5 Nb6 17.Nh6+ gxh6 18.Bxf6 Bd6 19.Bb3 Nd7 20.Ne4 Qxe4 
21.Qxe4 Nxf6 22.Qh4 Kg7 23.Rd3 Bf5 24.Rf3 Re8 25.g4 Re1+ 26.Kg2 Re4 27.
Rxf5 Rxg4+ 1-0

[Event "14th EUR-ch"]
[Site "Legnica POL"]
[Date "2013.05.07"]
[Round "3"]
[White "Miton, Kamil"]
[Black "Jaracz, Pawel"]
[Result "1/2-1/2"]
[WhiteElo "2624"]
[BlackElo "2527"]
[EventDate "2013.05.05"]
[PlyCount "71"]

1.d4 Nf6 2.c4 e6 3.Nf3 d5 4.Nc3 Be7 5.Bg5 O-O 6.e3 Nbd7 7.Rc1 h6 8.Bh4 c6 
9.Bd3 a6 10.b3 c5 11.O-O b6 12.Qe2 Bb7 13.Rfd1 dxc4 14.bxc4 cxd4 15.exd4 
Nh5 16.Bg3 Nxg3 17.hxg3 Re8 18.Be4 Bxe4 19.Nxe4 Nf6 20.c5 Qd5 21.Nc3 Qc6 
22.Ne5 Qc7 23.Na4 bxc5 24.dxc5 Nd5 25.Rc4 Bf6 26.Nd3 Qc6 27.Qc2 Rab8 28.a3
a5 29.Rb1 Rec8 30.Rb3 g6 31.Qb1 Rxb3 32.Qxb3 Rc7 33.Qb8+ Rc8 34.Qb3 Rc7 
35.Qb8+ Rc8 36.Qb3 1/2-1/2